| 000 | 00817nam a22002297a 4500 | ||
|---|---|---|---|
| 999 |
_c5858 _d5858 |
||
| 003 | AR-CdUCM | ||
| 008 | 190313b ||||| |||| 00| 0 spa d | ||
| 040 |
_aMUNICIPALIDAD PROVINCIAL DEL CUSCO _cBIBLIOTECA MUNICIPAL DEL CUSCO |
||
| 082 |
_a335.4 / _bM378 |
||
| 100 |
_aMartí, José _93892 |
||
| 245 | _aSiete enfoques marxistas sobre José Marti / | ||
| 260 |
_aLa Habana : _bPolitica, _c1978. |
||
| 300 |
_a156 páginas ; _bIlustración, _c19 cm. |
||
| 440 |
_aColecciones de estudios martianos. _917317 |
||
| 500 | _aDonación familia Nieto. | ||
| 505 | _aContenido: Glosas al pensamiento de José Martí -- Rescate y proyeccion de Martí -- Revolucionario radical de su tiempo... | ||
| 650 |
_aCuba _91821 |
||
| 650 |
_aPolítica _9291 |
||
| 650 |
_aMarxismo _924 |
||
| 942 |
_2ddc _cLIBROS |
||
| 945 | _aJavier | ||